| 000 | 00969nam a22003137a 4500 | ||
|---|---|---|---|
| 003 | DO-SdBNP | ||
| 005 | 20171113124028.0 | ||
| 008 | 151112b 2007 sp xxu||||| |||| 00| 0 spa d | ||
| 020 | _a9788497646888 | ||
| 040 |
_aBPMSU _bspa _cBPMSU |
||
| 082 | 4 |
_a813 _bS545f |
|
| 100 | 1 |
_aShelley, Mary Wollstonecraft, _d1797-1851. |
|
| 240 | 1 | 0 |
_aFrankenstein. _lEspañol |
| 245 | 1 | 0 |
_aFrankenstein / _cMary Shelley ; traductor, Diana Gibson ; introducción Rocío Pizarro. |
| 260 |
_aMadrid : _bEdimat Libros, _c2007. |
||
| 300 |
_a292 p. _c19 cm. |
||
| 490 | 1 | _aClásicos de la literatura | |
| 500 | _3Incluye datos biográficos del autor. | ||
| 650 |
_aNOVELA INGLESA _ySIGLO XIX |
||
| 650 | _aLITERATURA INGLESA | ||
| 651 | _ySIGLO XIX | ||
| 700 | 1 | 2 |
_aGibson, Diana, _etr. |
| 700 | 1 | 2 | _aPizarro, Rocio |
| 830 | 0 | _aClásicos de la literatura | |
| 910 | _a00260 | ||
| 942 |
_2ddc _cBK |
||
| 945 | _aInventariado, 2017/MFF | ||
| 956 | _2Lorenza Pérez | ||
| 999 |
_c8667 _d8667 |
||